书目信息 |
| 题名: |
让企业活得更好
|
|
| 作者: | 陈幼林 著 | |
| 分册: | ||
| 出版信息: | 武汉 武汉出版社 2017 |
|
| 页数: | 252页 | |
| 开本: | 24cm | |
| 丛书名: | ||
| 单 册: | ||
| 中图分类: | F272.2 | |
| 科图分类: | ||
| 主题词: | 创业--基本知识 | |
| 电子资源: | ||
| ISBN: | 978-7-5582-1754-8 | |
| 000 | 00933nam0 2200253 45 | |
| 001 | 012001000771 | |
| 005 | 20140920091302.0 | |
| 010 | @a978-7-5582-1754-8@dCNY54.00 | |
| 100 | @a20180513d2017 em y0chiy50 ea | |
| 101 | 0 | @achi |
| 102 | @aCN@b420000 | |
| 105 | @aa z 000yy | |
| 106 | @ar | |
| 200 | 1 | @a让企业活得更好@9Rang Qi Ye Huo De Geng Hao@e大众创业八个时期的生存智慧@f陈幼林著 |
| 210 | @a武汉@c武汉出版社@d2017 | |
| 215 | @a252页@c图,照片@d24cm | |
| 300 | @a其他题名:大众创业八个时期的生存智慧 | |
| 330 | @a本书将创业过程进行细分,一共归纳为八个阶段:创业筹备期、战略定位期、网络建设期、团队组建期、领导进化期、全网推广期、渠道扩张期和转型融合期。 | |
| 517 | 1 | @a大众创业八个时期的生存智慧@9Da Zhong Chuang Ye Ba Ge Shi Qi De Sheng Cun Zhi Hui |
| 606 | 0 | @a创业@x基本知识 |
| 690 | @aF272.2@v5 | |
| 701 | 0 | @a陈幼林@9Chen You Lin@4著 |
| 801 | 0 | @aCN@b上海新华@c20180901 |
| 905 | @b1155360-64@dF272.2@e1512@f5 | |
| 让企业活得更好:大众创业八个时期的生存智慧/陈幼林著.-武汉:武汉出版社,2017 |
| 252页:图,照片;24cm |
| 其他题名:大众创业八个时期的生存智慧 |
| ISBN 978-7-5582-1754-8:CNY54.00 |
| 本书将创业过程进行细分,一共归纳为八个阶段:创业筹备期、战略定位期、网络建设期、团队组建期、领导进化期、全网推广期、渠道扩张期和转型融合期。 |
| ● |
| 相关链接 |
|
|
|
|
正题名:让企业活得更好
索取号:F272.2/1512
 
预约/预借
| 序号 | 登录号 | 条形码 | 馆藏地/架位号 | 状态 | 备注 |
| 1 | 1155360 | 211553601 | 第一样本阅览室/ [索取号:F272.2/1512] | 在馆 | |
| 2 | 1155361 | 211553610 | 密集书库-海洋学院/ [索取号:F272.2/1512] | 在馆 | |
| 3 | 1155362 | 211553629 | 第一借阅区/ [索取号:F272.2/1512] | 在馆 | |
| 4 | 1155363 | 211553638 | 第一借阅区/ [索取号:F272.2/1512] | 在馆 | |
| 5 | 1155364 | 211553647 | 第一借阅区/ [索取号:F272.2/1512] | 在馆 |